Electrical circuits:direct and alternating current (Record no. 3083)

MARC details
000 -LEADER
fixed length control field 00703nam a22002177a 4500
003 - CONTROL NUMBER IDENTIFIER
control field URS
005 - DATE AND TIME OF LATEST TRANSACTION
control field 20220114142357.0
008 - FIXED-LENGTH DATA ELEMENTS--GENERAL INFORMATION
fixed length control field 191029s1980 a|||| |||| 00| 0 eng d
020 ## - INTERNATIONAL STANDARD BOOK NUMBER
International Standard Book Number 9713006321
040 ## - CATALOGING SOURCE
Transcribing agency URS
Language of cataloging eng
Modifying agency rda
050 14 - LIBRARY OF CONGRESS CALL NUMBER
Classification number TK0454
Item number .S622 1980
100 ## - MAIN ENTRY--PERSONAL NAME
Personal name Siskind,Charles S.
245 10 - TITLE STATEMENT
Title Electrical circuits:direct and alternating current
Remainder of title direct and alternating current/
Statement of responsibility, etc. Charles S. Siskind
250 ## - EDITION STATEMENT
Edition statement Second Edition
260 ## - PUBLICATION, DISTRIBUTION, ETC.
Place of publication, distribution, etc. Manila:
Name of publisher, distributor, etc. Merriam & Websters;
Date of publication, distribution, etc. [1980]
300 ## - PHYSICAL DESCRIPTION
Extent xii 595 pages:
Other physical details with illustration;
Dimensions 22 cm.
504 ## - BIBLIOGRAPHY, ETC. NOTE
Bibliography, etc. note Includes Index
650 ## - SUBJECT ADDED ENTRY--TOPICAL TERM
Topical term or geographic name entry element Electrcal circuits-Alternating current
650 ## - SUBJECT ADDED ENTRY--TOPICAL TERM
Topical term or geographic name entry element Electrical circuits-Direct Current
942 ## - ADDED ENTRY ELEMENTS (KOHA)
Source of classification or shelving scheme Library of Congress Classification
Koha item type Foreign Books
Holdings
Withdrawn status Source of classification or shelving scheme Damaged status Not for loan Collection code Home library Current library Shelving location Date acquired Total Checkouts Full call number Barcode Date last seen Price effective from Koha item type
  Library of Congress Classification     Non-fiction Cainta College Library Cainta College Library On Display 12/15/2017   TK 454.S622 1980 URSCAI-1739 12/15/2017 12/15/2017 Foreign Books
  Dewey Decimal Classification     Non-fiction Cainta College Library Cainta College Library On Display 12/15/2017   TK 454.S622 1980 URSCAI-1740 12/15/2017 12/15/2017 Foreign Books

University of Rizal System
Email us at univlibservices@urs.edu.ph

Visit our Website www.urs.edu.ph/library